| 000 | 00595nam a22001937a 4500 | ||
|---|---|---|---|
| 005 | 20251108165540.0 | ||
| 008 | 250721s1988 xx 000 0 ara d | ||
| 082 | 1 | 4 | _aط/510/لان |
| 100 | 1 | _aلانفدن، نايغل | |
| 245 | 1 | 0 | _aمدخل إلى الرياضيات / |
| 264 | 1 |
_aبيروت : _bالمؤسسة العربية للدراسات، _c1988. |
|
| 300 | _a48ص : مص | ||
| 490 | 0 | _aسلسلة أوسبورن | |
| 650 | 1 | 7 | _aالرياضات |
| 700 | 1 | _aكوك، جانيت | |
| 700 | 1 |
_aسعيدان، أحمد سليم _eترجمة |
|
| 942 |
_2ddc _cBK |
||
| 999 |
_c30507 _d30507 |
||